000 00359nam a2200145Ia 4500
003 OSt
005 20240206151212.0
008 170523s9999 xx 000 0 und d
020 _a978-8123912752
040 _ciimt university meerut
100 _aJAIN- SUBHASH C
245 0 _aINTERNATIONAL MARKETING MANAGEMENT
260 _bCBS PUBLICATION
942 _2ddc
_c02
999 _c347
_d347